000 01284naa a22003377a 4500
001 BR7405451
003 BR-BrBNA
005 20240918173622.0
007 ta
008 230509b bl.||||| |||| 00| 0 por d
040 _aBR-BrBNA
_bpor
_cBiblioteca Nacional de Agricultura
041 _a(Pt)
072 _aL30
_b5300
_b3755
_b8954
090 _aL30 BR7405451
100 1 _aNeiva, R.S.
100 1 _aSoares, M. de C.
100 1 _aTeixeira, Z.S.
111 1 _a11. Reuniao da Sociedade Brasileira de Zootecnia
_cFortaleza, CE (Brazil)
_d22 Jul 1974
245 1 _aEfeito da oxitetraciclina e vitamina B12 na dieta de suinos em crescimento e terminacao [Sus domesticus; Racao; Ganho de peso]
260 3 _aFortaleza, CE (Brasil):
_bUniversidade Federal do Ceara,
_c1974.
500 _aAnais da 11. Reuniao da Sociedade Brasileira de Zootecnia Fortaleza, CE (Brasil): Universidade Federal do Ceara, 1974. p. 192 (BR7405451-AM)L30
650 _aNutricao animal
650 _aSuino
650 _aRacao
650 _aVitamina B-12
650 _aDieta
650 _aGanho de peso
773 0 _tAnais da 11. Reuniao da Sociedade Brasileira de Zootecnia
_wL30 BR7405451
_gFortaleza, CE (Brasil), 1974. p. 192
909 _a202404
_bLucia
_c55
_dLucia Elande
942 _cAM
_2AGRIS
999 _c305787
_d305787